000 02321cam a22002538i 4500
001 11259
003 IN-BhIIT
005 20250912182035.0
008 221031s2023 nyu o 001 0 eng
020 _a9781501131592 (pbk.)
040 _aIN-BhIIT
041 _aeng
082 0 0 _a202.3
_bJEN/P
100 1 _aJennings, Ken,
_eAuthor.
_926414
245 1 0 _a100 places to see after you die :
_ba travel guide to the afterlife /
_cKen Jennings.
260 _aNew York :
_bScribner,
_c202.
300 _a305 p. :
_bill. ;
_c24 cm.
505 0 _aMythology -- Religion -- Books -- Movies -- Television -- Music and theater -- Miscellaneous.
520 _a"100 Places to See After You Die is written in the style of iconic bestselling travel guides. But instead of recommending must-see destinations in Mexico, Thailand, or Rome, this book outlines journeys through the afterlife, as dreamed up over the past 5,000 years of human history by our greatest prophets, poets, mystics, artists, and TV showrunners. Where's the best place to grab a bite to eat in the ancient Egyptian underworld? Which circles of Dante's Inferno have the nicest accommodations? How does one dress like a local in the heavenly palace of Hinduism's Lord Vishnu, or avoid the flesh-eating river serpents in the Klingon afterlife? What are the hidden treasures to be found off the beaten path in Hades, Valhalla, or NBC's The Good Place? This book answers all those questions and more about the world(s) to come. The destiny of the human soul in the great beyond is one of life's deepest mysteries. But you won't have to wonder anymore! 100 Places to See After You Die comprehensively indexes one hundred different afterlife destinations, exhaustively researched from sources ranging from the Epic of Gilgamesh to modern-day pop songs, video games, and Simpsons episodes. Be ready for whatever post-mortal destiny awaits, whether you're hoping for the astral plane, a Hieronymus Bosch hellscape, or the baseball diamond from Field of Dreams. This is one trip no one should leave to chance. Most vacation sojourns are brief, but this destination could be your eternal resting place!"--
650 0 _aPhilosophy
_xPsychology and Religion
_926415
650 0 _aReligions
_xMythology
_xRationalism 
_926416
650 0 _aEschatology
_926417
942 _cGEN
999 _c14901
_d14901